Negotiations : (Record no. 195815)
[ view plain ]
| 000 -LEADER | |
|---|---|
| fixed length control field | 00731nam a22002177a 4500 |
| 005 - DATE AND TIME OF LATEST TRANSACTION | |
| control field | 20230503123231.0 |
| 010 ## - LCCN (DPL NO) | |
| LC control number | ENG-136756 |
| 020 ## - INTERNATIONAL STANDARD BOOK NUMBER | |
| International Standard Book Number | 9789352602117 |
| Terms of availability | 745.00 |
| 035 ## - SYSTEM CONTROL NUMBER | |
| System control number | EN-120288 |
| 037 ## - SOURCE OF ACQUISITION | |
| Source of stock number/acquisition | DBAD/PUB |
| 082 ## - DEWEY DECIMAL CLASSIFICATION NUMBER | |
| Classification number | 658.4052 |
| 100 ## - MAIN ENTRY--PERSONAL NAME | |
| Personal name | Lewicki,Roy. J |
| 245 ## - TITLE STATEMENT | |
| Title | Negotiations : |
| Statement of responsibility, etc | By Roy. J Lewicki; David M.Saunders And Bruce Barry |
| Remainder of title | Readings, Exercises and Cases / |
| 250 ## - EDITION STATEMENT | |
| Edition statement | Sixth |
| 260 ## - PUBLICATION, DISTRIBUTION, ETC. (IMPRINT) | |
| Place of publication, distribution, etc | Chennai |
| Name of publisher, distributor, etc | Mc Graw Hill Education (India) Private Limited |
| Date of publication, distribution, etc | 2016 |
| 270 ## - ADDRESS | |
| Address | 444/1, Sri Ekambara Naicker Industrial Estate, Alapakkam, POrur |
| City | Chennai |
| Postal code | 600116 |
| 300 ## - PHYSICAL DESCRIPTION | |
| Extent | 708p.; |
| Dimensions | 24m(pbk) |
| 700 ## - ADDED ENTRY--PERSONAL NAME | |
| Personal name | .Saunders, David M |
| 700 ## - ADDED ENTRY--PERSONAL NAME | |
| Personal name | Barry, Bruce |
| 942 ## - ADDED ENTRY ELEMENTS (KOHA) | |
| Source of classification or shelving scheme | Dewey Decimal Classification |
| Item type | English Books |
| Classification part | 658.4052 |
| Call number suffix | LEW |
| Withdrawn status | Lost status | Not for loan | Collection code | Home library | Current library | Date acquired | Source of acquisition | Cost, normal purchase price | Full call number | Barcode | Copy number | Cost, replacement price | Koha item type |
|---|---|---|---|---|---|---|---|---|---|---|---|---|---|
| Non-fiction | Shahdara Branch | Shahdara Branch | 03/05/2023 | DBAD/PUB | 745.00 | 658.4052 LEW | EN-120288 | 1 | 745.00 | English Books |
